00349pab a2200121 454500008004000000100002300040245007100063260000900134300001300143650002100156700001900177773003100196180718b2000 xxu||||| |||| 00| 0 eng d aBenford, Robert D. aFraming processes and social movements: an overview and assessment c2000 ap.611-39 aSocial movements aSnow, David A. aAnnual Review of Sociology